| 000 | 00942nam a22002297a 4500 | ||
|---|---|---|---|
| 003 | BD-DhUL | ||
| 005 | 20170308145940.0 | ||
| 008 | 160125s1991 bg a|||| b||| 001 0 ben | ||
| 020 | _a9841200139 | ||
| 040 |
_aBD-DhUL _cBD-DhUL |
||
| 082 |
_a954.92 _bABB |
||
| 100 | 1 | 0 | _aমোহাম্মদ আবুল কাসেম |
| 245 | 1 | 0 |
_aভাষা আন্দোলনের ইতিহাস / _cমোহাম্মদ আবুল কাসেম |
| 250 | _a৩য় | ||
| 260 |
_aঢাকা : _bপাকিস্তান তমৃদ্দন মজলিস, _c১৯৬৯. |
||
| 300 |
_a (৬), ৩৯ পৃঃ ; _c২২ সেমি. |
||
| 365 |
_aটাকা _b১০০.০০ |
||
| 504 | _a নির্ঘন্ট ও গ্রন্থপঞ্জীগত তথ্য সংবলিত | ||
| 651 | 0 |
_aBangladesh _xHistory |
|
| 651 | 0 | _aবাংলাদেশ - ইতিহাস | |
| 942 |
_2ddc _cBK |
||
| 999 |
_c161036 _d161036 |
||